00873nam a2200217 a 450000100100000000500170001000800410002702000150006804000250008308200170010810000250012524500780015026000540022830000210028250000430030374000350034604900090038195201210039095201270051199900170063800002387820200930022533.0110114nuuuuuuuusp r 000 0 spa d a847461256X aDO-SdBNPbspacBNPHU axxxxxbS425m1 aScott, Walter94912313aLa maga de la montaña ; Los desposórios de triermain /cWalter Scott. aMadrid :bClub Internacional del Libro,c[s. f.]. a187 p. ;c21 cm. aIncluye notas al pie de las páginas.4 aLos desposórios de Triermain aBNGR 001054708MOaGRbGRcCTd2011-01-14iLF1l0oxxxxx S425mp23878-10r2020-06-25w2020-06-25y4ZPréstamo en sala 001054728MOaGRbGRcCTd2011-01-14iLF1l0oxxxxx S425mp23878-20r2020-06-25te. 2w2020-06-25y4ZPréstamo en sala c23374d23374